British pharmacopoeia 2013 : (Record no. 20256)
[ view plain ]
| 000 -LEADER | |
|---|---|
| fixed length control field | 01880nam a22003255a 4500 |
| 001 - CONTROL NUMBER | |
| control field | 015370371 |
| 003 - CONTROL NUMBER IDENTIFIER | |
| control field | OSt |
| 005 - DATE AND TIME OF LATEST TRANSACTION | |
| control field | 20160223111918.0 |
| 006 - FIXED-LENGTH DATA ELEMENTS--ADDITIONAL MATERIAL CHARACTERISTICS--GENERAL INFORMATION | |
| fixed length control field | a||||fq||u i00| 0 |
| 008 - FIXED-LENGTH DATA ELEMENTS--GENERAL INFORMATION | |
| fixed length control field | 090915s2012 enka frb i001 0 eng d |
| 020 ## - INTERNATIONAL STANDARD BOOK NUMBER | |
| International Standard Book Number | 9780113229239 (set) |
| 040 ## - CATALOGING SOURCE | |
| Original cataloging agency | EG-ScBUE |
| Language of cataloging | eng |
| Transcribing agency | EG-ScBUE |
| Modifying agency | EG-ScBUE |
| 043 ## - GEOGRAPHIC AREA CODE | |
| Geographic area code | e-uk--- |
| 082 04 - DEWEY DECIMAL CLASSIFICATION NUMBER | |
| Classification number | 615.1141 |
| Item number | BRI |
| Edition number | 22 |
| 245 00 - TITLE STATEMENT | |
| Title | British pharmacopoeia 2013 : |
| Remainder of title | effective date : 1 January 2013. |
| 246 30 - VARYING FORM OF TITLE | |
| Title proper/short title | British pharmacopoeia |
| 250 ## - EDITION STATEMENT | |
| Edition statement | 1st ed. |
| 260 ## - PUBLICATION, DISTRIBUTION, ETC. (IMPRINT) | |
| Place of publication, distribution, etc | London : |
| Name of publisher, distributor, etc | Stationery Office, |
| Date of publication, distribution, etc | c.2012. |
| 300 ## - PHYSICAL DESCRIPTION | |
| Extent | 6 v. : |
| Other physical details | ill. ; |
| Dimensions | 31 cm. + |
| Accompanying material | 1 CD-ROMs, guide book. |
| 500 ## - GENERAL NOTE | |
| General note | In slip case. |
| 500 ## - GENERAL NOTE | |
| General note | visit "www.pharmacopoeia.co.uk" to register for your online subscription. |
| 504 ## - BIBLIOGRAPHY, ETC. NOTE | |
| Bibliography, etc | Includes bibliographical references and index. |
| 505 0# - FORMATTED CONTENTS NOTE | |
| Formatted contents note | v. 1. Introduction; General notices; Monographs, medicinal and pharmaceutical substances (A-I) -- v. 2.General notices; Monographs, medicinal and pharmaceutical substances (J-Z) -- v. 3. General notices; Formulated preparations : General monographs ; Formulated preparations : specific monographs<br/> -- v. 4. General notices; Infrared reference spectra; Appendices; Supplementary chapters; Index -- v. 5 General notices ; herbal drugs, preparations and herbal medicinal products ; materials for use in the manufacture of homeopathic preparations ; blood-related products ; immunological products ; radiopharmaceutical preparations ; surgical materials -- BP Vet, a companion volume to British pharmacopoeia 2013 providing standards for substances, preparations and immunological products used in veterinary medicine. |
| 650 #0 - SUBJECT ADDED ENTRY--TOPICAL TERM | |
| Topical term or geographic name as entry element | Pharmacopoeias |
| Geographic subdivision | Great Britain. |
| Source of heading or term | BUEsh |
| 9 (RLIN) | 30072 |
| 650 #0 - SUBJECT ADDED ENTRY--TOPICAL TERM | |
| Topical term or geographic name as entry element | Drugs |
| General subdivision | Standards |
| Geographic subdivision | Great Britain. |
| Source of heading or term | BUEsh |
| 651 ## - SUBJECT ADDED ENTRY--GEOGRAPHIC NAME | |
| Source of heading or term | BUEsh |
| 653 ## - INDEX TERM--UNCONTROLLED | |
| Resource For college | Pharmacy |
| Arrived date list | July2015 |
| -- | February2016 |
| 710 2# - ADDED ENTRY--CORPORATE NAME | |
| Corporate name or jurisdiction name as entry element | British Pharmacopoeia Commission |
| 942 ## - ADDED ENTRY ELEMENTS (KOHA) | |
| Source of classification or shelving scheme | Dewey Decimal Classification |
| Withdrawn status | Lost status | Source of classification or shelving scheme | Damaged status | Not for loan | Koha collection | Home library | Current library | Shelving location | Date acquired | Source of acquisition | Cost, normal purchase price | Serial Enumeration / chronology | Total Checkouts | Full call number | Barcode | Date last seen | Cost, replacement price | Koha item type | Public note |
|---|---|---|---|---|---|---|---|---|---|---|---|---|---|---|---|---|---|---|---|
| Dewey Decimal Classification | Baccah | Central Library | Central Library | Ground Floor | 06/07/2015 | Purchase | 10731.00 | 23125 | 615.1141 BRI | 000039351 | 15/07/2025 | 13414.00 | Reference (NB) | BP (VET) | |||||
| Dewey Decimal Classification | Baccah | Central Library | Central Library | First floor | 06/07/2015 | Purchase | 10731.00 | 23125 | 615.1141 BRI | 000039352 | 24/08/2022 | 13414.00 | CD | DVD - With book (NB) | ||||||
| Dewey Decimal Classification | Baccah | Central Library | Central Library | Ground Floor | 06/07/2015 | Purchase | 10731.00 | 23125 | 615.1141 BRI | 000039353 | 15/07/2025 | 13414.00 | Reference (NB) | V. 5 | |||||
| Dewey Decimal Classification | Baccah | Central Library | Central Library | Ground Floor | 06/07/2015 | Purchase | 10731.00 | 23125 | 615.1141 BRI | 000039354 | 15/07/2025 | 13414.00 | Reference (NB) | V. 4 | |||||
| Dewey Decimal Classification | Baccah | Central Library | Central Library | Ground Floor | 06/07/2015 | Purchase | 10731.00 | 23125 | 615.1141 BRI | 000039355 | 25/10/2025 | 13414.00 | Reference (NB) | V. 3 | |||||
| Dewey Decimal Classification | Baccah | Central Library | Central Library | Ground Floor | 06/07/2015 | Purchase | 10731.00 | 23125 | 615.1141 BRI | 000039356 | 25/10/2025 | 13414.00 | Reference (NB) | V. 2 | |||||
| Dewey Decimal Classification | Baccah | Central Library | Central Library | Ground Floor | 06/07/2015 | Purchase | 10731.00 | 23125 | 615.1141 BRI | 000039357 | 25/10/2025 | 13414.00 | Reference (NB) | V. 1 |